00539nam a2200193 a 4500001001300000003000900013005001700022008004100039020002300080082001900103100001800122245006300140260004400203300000900247500003500256505001000291650002600301700001800327nice12345678IN_TiNIC20260116012720.0050524s1988 lona grp 000 0 eng  a0192421 c10000a305.80954bWEI aWeiner, Myron aSons of the Soilb Migration and Ethnic Conflict in India. aLondan bOxford University Press c1988 a385p aincludes index and biblioraphy2 aIndex aEthnic Conflict-India1 aWeiner, Myron